Building to Architect - Statistics

General Stats
  • This quiz has been taken 12 times
  • The average score is 7 of 12
Answer Stats
Picture Answer % Correct
Frank Lloyd Wright
100%
Antoni Gaudí
92%
Frank Gehry
83%
Le Corbusier
83%
Zaha Hadid
83%
Norman Foster
67%
Ludwig Mies van der Rohe
58%
Tadao Ando
50%
Louis Kahn
33%
Bernard Tschumi
25%
Luis Barragan
25%
Bjarke Ingles
8%
No matching quizzes found
Score Distribution
Percent of People with Each Score
Percentile by Number Answered
Your Score History
You have not taken this quiz